000 00586nam a2200205 i 4500
001 25243
003 ES-MaACL
005 20250902070711.0
007 t|
008 021223s1961 sp a |||| | spa d
100 1 _aArana, J. A.
_922244
245 1 0 _aCómo organizar una empresa española /
_cpor J.A. Arana.
260 _aBilbao :
_bDeusto,
_c[1961]
300 _a477 p. :
_bil. ;
_c21 cm.
490 1 _aColección gestión
650 0 7 _aGestión de empresas
_2embne
_912210
830 0 _aColección gestión
_9180966
852 _aES-MaACL
_jC-20464
999 _c25243
_d25243